000 00405nam a2200169Ia 4500
008 230524s9999 xx 000 0 und d
020 _a8120323580
082 _a621.3812
_bBEL
100 _aDavid A.Bell
245 0 _aElectronic Devices and Circuits
250 _a4TH
260 _aNEW DELHI
_bPHI
_c2003
300 _aXII;796
500 _aQuantity Number: 40
650 _aElectronics
942 _cBK
999 _c9834
_d9834